Cambridge english pronouncing dictionary

Uloženo v:
Podrobná bibliografie
Hlavní autoři: Roach, Peter John (Autor), Hartman, James (Autor), Setter, Jane (Autor), Jones, Daniel (Autor)
Médium: Kniha
Jazyk:angličtina
Vydáno: Cambridge; New York, USA Cambridge University 2006
Vydání:17th. ed
Témata:
Tagy: Přidat tag
Žádné tagy, Buďte první, kdo vytvoří štítek k tomuto záznamu!

MARC

LEADER 00000nam a2200000 a 4500
001 UCH9104
003 CL-VaPUC
005 20210331154428.0
008 091224e20060000uk |||||||||||||||||eng|d
999 |c 339168  |d 339166 
020 |a 9780521680875 
040 |c Pontificia Universidad Católica de Valparaíso 
082 0 4 |a 421.52 ROA 2006  |2 21 
100 0 |a Roach, Peter John  |e author  |9 545997 
245 1 0 |a Cambridge english pronouncing dictionary 
250 |a 17th. ed 
260 |a Cambridge;  |a New York, USA  |b Cambridge University  |c 2006 
300 |a 599 páginas  
500 |a Incluye CD 
583 |a last modification  |c 20130807 01:39:27  |k Rodrigo Vera 
650 |a Inglés   |x Pronunciación   |v Diccionarios   |9 860401 
650 |a Inglés   |x Transcripciones fonéticas   |v Diccionarios   |9 860402 
700 0 |a Hartman, James  |e author  |9 545998 
700 0 |a Setter, Jane  |e author  |9 545999 
700 |a Jones, Daniel  |e author  |9 562747 
942 |c BK  |2 ddc 
945 |d 20091224 00:00:00  |a rbrito 
952 |0 0  |1 0  |2 ddc  |4 0  |6 421_520000000000000_ROA_2006  |7 0  |8 X  |9 432646  |a BIBEDU  |b BIBEDU  |d 2019-11-22  |i 4629094  |o 421.52 ROA 2006  |p 4629094  |r 2023-01-13  |w 2019-11-22  |y BK_X  |k CIT